[Event "SVK-ch U16"]
[Site "Tatralandia"]
[Date "2025.05.15"]
[Round "6"]
[White "Cabak, Matej"]
[Black "Hamar, Jakub"]
[Result "1-0"]
[WhiteElo "1699"]
[BlackElo "1573"]
[PlyCount "39"]
[EventDate "2025.05.11"]
[EventType "swiss"]
[EventRounds "9"]
[EventCountry "SVK"]
[SourceTitle "CB21_2025"]
[SourceDate "2025.05.21"]
[SourceVersion "1"]
[SourceVersionDate "2025.05.21"]
[SourceQuality "1"]

1. c4 e5 2. Nc3 Nf6 3. g3 d5 4. cxd5 Nxd5 5. Bg2 Nb6 6. e3 Nc6 7. Nge2 Be7 8. b3 0-0 9. Bb2 Be6 10. 0-0 f5 11. d4 exd4 12. exd4 Nd5 13. Re1 Nxc3 14. Bxc3 Bd5 15. Bxd5+ Qxd5 16. Nf4 Qd7 17. d5 Nb4 18. Qd4 Bc5 19. Qxc5 Nc2 20. Re7 1-0

[Event "SVK-ch U16"]
[Site "Tatralandia"]
[Date "2025.05.14"]
[Round "5"]
[White "Hamar, Jakub"]
[Black "Kollar, Max"]
[Result "1-0"]
[WhiteElo "1573"]
[BlackElo "1022"]
[PlyCount "115"]
[EventDate "2025.05.11"]
[EventType "swiss"]
[EventRounds "9"]
[EventCountry "SVK"]
[SourceTitle "CB21_2025"]
[SourceDate "2025.05.21"]
[SourceVersion "1"]
[SourceVersionDate "2025.05.21"]
[SourceQuality "1"]

1. e4 e5 2. Nc3 Nf6 3. f4 Bb4 4. fxe5 Bxc3 5. bxc3 Nxe4 6. Qf3 Qh4+ 7. g3 Nxd2 8. Bxd2 Qe7 9. Qe3 Nc6 10. Nf3 d6 11. exd6 Qxe3+ 12. Bxe3 cxd6 13. Bb5 0-0 14. Bxc6 bxc6 15. 0-0 Bh3 16. Rfe1 h6 17. Bd4 c5 18. Be3 Rfe8 19. Bf4 d5 20. Rxe8+ Rxe8 21. Re1 Rd8 22. Rd1 Bg4 23. Rd3 Bf5 24. Rd2 d4 25. cxd4 cxd4 26. Rxd4 Rc8 27. c4 Be6 28. Nd2 g5 29. Bd6 Rd8 30. Bc5 Ra8 31. Be7 Bc8 32. Rd8+ Kg7 33. Bd6 f6 34. Ne4 Kf7 35. Bc7 Ke7 36. Nd6 f5 37. Nxf5+ Ke6 38. Nxh6 a6 39. Ng4 Ke7 40. Nf2 a5 41. Bxa5 Rxa5 42. Rxc8 Rxa2 43. Rg8 Kf6 44. h4 gxh4 45. gxh4 Ra4 46. Rc8 Kf5 47. Kg2 Kf4 48. c5 Ke3 49. h5 Ra2 50. Rf8 Rc2 51. h6 Rxc5 52. h7 Rg5+ 53. Kf1 Kd2 54. h8Q Rc5 55. Qd4+ Kc2 56. Qxc5+ Kd2 57. Qe7 Kc3 58. Qd7 1-0

[Event "SVK-ch U16 rapid"]
[Site "Poprad"]
[Date "2025.05.03"]
[Round "1"]
[White "Karaba, Rudolf1"]
[Black "Hamar, Jakub"]
[Result "1-0"]
[WhiteElo "1909"]
[BlackElo "1569"]
[PlyCount "33"]
[EventDate "2025.05.03"]
[EventType "swiss (rapid)"]
[EventRounds "7"]
[EventCountry "SVK"]
[SourceTitle "CB19_2025"]
[SourceDate "2025.05.07"]
[SourceVersion "1"]
[SourceVersionDate "2025.05.07"]
[SourceQuality "1"]

1. c4 Nf6 2. d4 g6 3. Nc3 Bg7 4. e4 0-0 5. Nf3 d6 6. h4 Nbd7 7. Be2 c5 8. d5 Nb6 9. h5 Nxh5 10. Ng5 h6 11. Bxh5 hxg5 12. Be2 e6 13. Qd3 Re8 14. Qg3 e5 15. Bxg5 Bf6 16. Qh4 Kf8 17. Bxf6 1-0

[Event "Piestany Slovakia op-B"]
[Site "Piestany"]
[Date "2024.07.09"]
[Round "1"]
[White "Hamar, Jakub"]
[Black "Nowak, Maciej2"]
[Result "0-1"]
[WhiteElo "1522"]
[BlackElo "1835"]
[PlyCount "60"]
[EventDate "2024.07.09"]
[EventType "swiss"]
[EventRounds "9"]
[EventCountry "SVK"]
[SourceTitle "EXT 2025"]
[Source "ChessBase"]
[SourceDate "2024.10.14"]
[SourceVersion "1"]
[SourceVersionDate "2024.10.14"]
[SourceQuality "1"]

1. e4 e6 2. d3 d5 3. Nd2 c5 4. Ngf3 Nc6 5. g3 g6 6. Bg2 Bg7 7. 0-0 Nge7 8. c3 0-0 9. Re1 b6 10. a3 Bb7 11. c4 dxe4 12. dxe4 Qd7 13. Nb3 Rad8 14. Qe2 Nd4 15. Nfxd4 cxd4 16. e5 d3 17. Qd2 Bxg2 18. Kxg2 Qc6+ 19. Kg1 Qxc4 20. Qb4 Qc7 21. Bg5 Rd7 22. Rac1 Qb7 23. Bxe7 Rxe7 24. Rcd1 Rd7 25. Nd4 Rfd8 26. Rxd3 Rd5 27. Re4 Qd7 28. f4 Bf8 29. Qc4 Bc5 30. g4 Bxd4+ 0-1

[Event "SVK-ch U14"]
[Site "Tatralandia"]
[Date "2024.04.05"]
[Round "1"]
[White "Hamar, Jakub"]
[Black "Dvorak, Alfred"]
[Result "0-1"]
[WhiteElo "1055"]
[BlackElo "1721"]
[PlyCount "102"]
[EventDate "2024.04.05"]
[EventType "swiss"]
[EventRounds "9"]
[EventCountry "SVK"]
[SourceTitle "CBM 219 Extra"]
[Source "ChessBase"]
[SourceDate "2024.05.31"]
[SourceVersion "1"]
[SourceVersionDate "2024.05.31"]
[SourceQuality "1"]

1. e4 c5 2. Nf3 d6 3. d4 cxd4 4. Nxd4 Nf6 5. Nc3 g6 6. f3 Bg7 7. Be3 Nc6 8. Nb3 0-0 9. Qd2 a6 10. Be2 b5 11. a3 Bd7 12. 0-0 Rb8 13. Nd4 Ne5 14. b3 Qc7 15. h3 Rfc8 16. Nd5 Nxd5 17. exd5 Be8 18. f4 Nd7 19. Nc6 Nc5 20. Nxb8 Bxa1 21. Rxa1 Rxb8 22. Qc3 Rc8 23. b4 Na4 24. Qxc7 Rxc7 25. Rc1 Rc3 26. Bd4 Rxa3 27. Ra1 Rxa1+ 28. Bxa1 Nb6 29. Bf3 f6 30. Bd4 Nc4 31. Kf2 Nd2 32. Ke3 Nxf3 33. Kxf3 Bf7 34. g3 Bxd5+ 35. Ke2 e5 36. Be3 Kf7 37. fxe5 dxe5 38. h4 Kg7 39. c3 h6 40. g4 f5 41. gxf5 gxf5 42. Bf2 f4 43. Kd3 Kf6 44. Ke2 e4 45. Bd4+ Kf5 46. Bg7 h5 47. Bd4 e3 48. Kd3 Bc4+ 49. Kc2 Ke4 50. Kd1 f3 51. Ke1 f2+ 0-1